শিল্প-উদ্যোগ ও ব্যবস্থাপনা / (Record no. 74641)
[ view plain ]
| 000 -LEADER | |
|---|---|
| fixed length control field | 00828nam a22002177a 4500 |
| 001 - CONTROL NUMBER | |
| control field | 74641 |
| 003 - CONTROL NUMBER IDENTIFIER | |
| rucl marc code | BD-RjUL |
| 005 - DATE AND TIME OF LATEST TRANSACTION | |
| control field | 20211209082601.0 |
| 008 - FIXED-LENGTH DATA ELEMENTS--GENERAL INFORMATION | |
| fixed length control field | 181111s1987 bg ||||| |||| 00| 0 eng d |
| 035 ## - SYSTEM CONTROL NUMBER | |
| System control number | (BD-RjUL)74859 |
| 040 ## - CATALOGING SOURCE | |
| Original cataloging agency | BD-RjUL |
| Language of cataloging | eng |
| Transcribing agency | BD-RjUL |
| 041 ## - LANGUAGE CODE | |
| Language code of text/sound track or separate title | eng |
| 082 ## - DEWEY DECIMAL CLASSIFICATION NUMBER | |
| Edition number | 23 |
| Classification number | 658 |
| Author mark and year | CHS 1987 |
| 100 ## - MAIN ENTRY--PERSONAL NAME | |
| Personal name | চৌধুরী, আবদুল মমিন |
| 9 (RLIN) | 224809 |
| 245 ## - TITLE STATEMENT | |
| Title | শিল্প-উদ্যোগ ও ব্যবস্থাপনা / |
| Statement of responsibility, etc. | আবদুল মমিন চৌধুরী |
| 260 ## - PUBLICATION, DISTRIBUTION, ETC. (IMPRINT) | |
| Place of publication, distribution, etc. | ঢাকা : |
| Name of publisher, distributor, etc. | বাংলা একাডেমী, |
| Date of publication, distribution, etc. | ১৯৮৭ |
| 300 ## - PHYSICAL DESCRIPTION | |
| Pagination | ৫৯০ পৃ. : |
| Illustrations | চিত্রসমূহ; |
| Size | ২৩ সেমি. |
| 650 ## - SUBJECT ADDED ENTRY--TOPICAL TERM | |
| Topical term or geographic name as entry element | শিল্প ব্যবস্থাপনা |
| 9 (RLIN) | 224810 |
| Topical term or geographic name as entry element | Industrial management |
| 9 (RLIN) | 224811 |
| 942 ## - ADDED ENTRY ELEMENTS (KOHA) | |
| Source of classification or shelving scheme | Dewey Decimal Classification |
| Koha item type | Books |
| Lost status | Source of classification or shelving scheme | Damaged status | Not for loan | Collection code | Permanent Location | Current Location | Shelving location | Date acquired | Source of acquisition | Cost, normal purchase price | Total Checkouts | Full call number | Date last seen | Copy number | Koha item type |
|---|---|---|---|---|---|---|---|---|---|---|---|---|---|---|---|
| Dewey Decimal Classification | Not For Loan | Non-fiction | Central Library, University of Rajshahi | Central Library, University of Rajshahi | Reading Room | 04/10/1992 | Bangla Academy, Dhaka | 325.00 | B 658 CHS 1987 | 11/11/2018 | C-1 | Books |